000 00322nam a22001337a 4500
003 SGT
082 _a954.034
_bF47S
100 _aSINHA, MANORANJAN PRASAD
245 _aFIRANGIA AUR ANAY KAVITAY
260 _aINDIA
_bGANDHI SAMRITI ANV DARSHAN SAMITI
_c1947
300 _a56
650 _aMAHATMA GANDHI
942 _2ddc
_cBK
999 _c26014
_d26014